000 00447nam a2200157Ia 4500
008 160316s1955 xxu||||| |||| 00| 0 eng d
082 _a341.690000
_bHAN
100 _aHanayama Shinsho
245 _aThe way of deliverence : Three years with the condemned Japanese war criminals
250 _a
260 _aLondon
_bVictor Gollancz Ltd.
_c1955
300 _a297p
_b
_cxv
365 _bRs.
650 _a1.Tokyo Trial - War Criminal
700 _a
_a
999 _c6762
_d6762